[Event "AUTO-BEG-264"]
[Site "http://www.queenalice.com/game.php?id=491642"]
[Date "2008.11.11"]
[Round "1"]
[White "Helmans"]
[Black "ramgds"]
[Result "1-0"]
[WhiteElo "1254"]
[BlackElo "1453"]

1. e4 e5 2. Nf3 Nc6 3. Bb5 f6 4. O-O Nd4 5. Nxd4 exd4 6. Re1 c6 7. Bc4 Bc5 8.
Bxg8 Rxg8 9. d3 Bb4 10. c3 dxc3 11. bxc3 Ba5 12. Ba3 Rh8 13. e5 f5 14. Re2 h5
15. d4 Qg5 16. Qd3 h4 17. Re3 Qg4 18. Rf3 g6 19. Nd2 h3 20. Rxh3 Rxh3 21. Qxh3
Qxh3 22. gxh3 Bxc3 23. Rd1 Bxd4 24. Nf3 Bc3 25. Rd3 Ba5 26. Ng5 b6 27. Rd6 Bc3
28. Rxg6 d6 29. Bxd6 Bb7 30. Re6+ Kd7 31. Re7+ Kc8 32. Re8+ Kd7 33. Re7+ Kc8 34.
Rc7+ Kb8 35. Rxc6# 1-0

[Event "Challenge"]
[Site "http://www.queenalice.com/game.php?id=498862"]
[Date "2008.11.27"]
[Round "-"]
[White "Helmans"]
[Black "taijutsu"]
[Result "1-0"]
[WhiteElo "1196"]
[BlackElo "1124"]

1. e4 d6 2. d4 Nc6 3. c4 e6 4. f4 Nf6 5. Nc3 h5 6. Be3 g6 7. Qf3 Bh6 8. Bd3 O-O
9. O-O-O d5 10. exd5 Nb4 11. dxe6 Qe7 12. exf7+ Kxf7 13. Qg3 a5 14. Qxg6+ Ke6
15. d5+ Kd7 16. Qxh6 Qxe3+ 17. Kb1 Qf2 18. Qg7+ Ke8 19. Bg6+ Rf7 20. Qxf7+ Kd8
21. Qxf6+ Kd7 22. Qe6+ Kd8 23. Qe8# 1-0

[Event "Challenge"]
[Site "http://www.queenalice.com/game.php?id=498926"]
[Date "2008.11.27"]
[Round "-"]
[White "Helmans"]
[Black "ktk"]
[Result "1-0"]
[WhiteElo "1276"]
[BlackElo "1524"]

1. e4 c5 2. Nf3 a6 3. d4 cxd4 4. Nxd4 e5 5. Nf3 Nc6 6. Nc3 Bb4 7. Bd2 d6 8. Bc4
Bg4 9. O-O h5 10. a3 Bc5 11. h3 Bxf3 12. Qxf3 Nf6 13. Bg5 Nd4 14. Qd3 O-O 15.
Nd5 Ne6 16. Nxf6+ gxf6 17. Bxf6 Qxf6 18. Bxe6 fxe6 19. Qg3+ Qg7 20. Qb3 Rf6 21.
Rad1 Rd8 22. Rd3 h4 23. Qa2 Bd4 24. c3 Bb6 25. c4 Rdf8 26. Rd2 Be3 27. Re2 Bd4
28. b4 Rf3 29. Kh2 R3f6 30. f3 Qg3+ 31. Kh1 b6 32. a4 R8f7 33. Qb3 1-0

[Event "Challenge"]
[Site "http://www.queenalice.com/game.php?id=498931"]
[Date "2008.11.27"]
[Round "-"]
[White "Helmans"]
[Black "Dana0411"]
[Result "1-0"]
[WhiteElo "1325"]
[BlackElo "1787"]

1. e4 e5 2. Nf3 Nc6 3. Bb5 a6 4. Ba4 Bc5 5. O-O Nf6 6. Nc3 h6 7. Bxc6 dxc6 8.
Nxe5 Ng4 9. Nxg4 Qh4 10. Ne3 Be6 11. d4 O-O-O 12. Bd2 Bxd4 13. Qe2 f5 14. exf5
Bf7 15. Qf3 Be5 16. Ng4 Bh5 17. Qe4 Bxg4 18. Qxe5 Rxd2 19. Qxg7 Rdd8 20. Qe5
Rhg8 21. Ne4 Bf3 22. Ng3 Rde8 23. Qc3 Bd5 24. f6 Rg6 25. Rfe1 Rf8 26. Re5 Qxf6
27. Rf1 Bc4 28. Ne4 Qf4 29. Re7 1-0

[Event "Challenge"]
[Site "http://www.queenalice.com/game.php?id=505537"]
[Date "2008.12.10"]
[Round "-"]
[White "Helmans"]
[Black "mhackfeld"]
[Result "1/2-1/2"]
[WhiteElo "1385"]
[BlackElo "1355"]

1. e4 e5 2. Nf3 Nc6 3. Bb5 a6 4. Ba4 b5 5. Bb3 Qe7 6. d4 d6 7. O-O g6 8. Bd5 Bb7
9. dxe5 dxe5 10. Bxc6+ Bxc6 11. Nc3 Rd8 12. Qe2 Qc5 13. Bg5 Be7 14. Bxe7 Qxe7
15. Rad1 Nf6 16. Rxd8+ Qxd8 17. Nxe5 Bb7 18. Rd1 Qe7 19. f4 O-O 20. Re1 Rd8 21.
Ng4 Qe6 22. Nxf6+ Qxf6 23. Qe3 Qd6 24. f5 Qe5 25. fxg6 hxg6 26. b3 Rd6 27. Nd1
Qxe4 28. Qxe4 Bxe4 29. Rxe4 Rxd1+ 30. Kf2 Rd2+ 31. Re2 Rxe2+ 32. Kxe2 Kg7 33.
Kf3 Kf6 34. h4 Kf5 35. g4+ Kf6 36. Kf4 c6 37. g5+ Ke6 38. Ke4 Kd6 39. Kd4 c5+
40. Kc3 Ke5 41. b4 c4 42. Kb2 Kf4 1/2-1/2

[Event "Challenge"]
[Site "http://www.queenalice.com/game.php?id=517204"]
[Date "2009.1.4"]
[Round "-"]
[White "Helmans"]
[Black "gupi"]
[Result "1-0"]
[WhiteElo "1400"]
[BlackElo "1237"]

1. e4 e5 2. Nf3 Nf6 3. Nxe5 Nxe4 4. Qf3 Qh4 5. g3 Qf6 6. Qxe4 Bc5 7. Ng4+ Kd8 8.
Nxf6 gxf6 9. Bc4 Re8 10. Qxe8+ Kxe8 11. O-O d5 12. Bxd5 Bh3 13. Re1+ Kd7 14.
Bxb7 Nc6 15. Bxa8 Nd4 16. Be4 f5 17. Bd3 Nf3+ 18. Kh1 Nxe1 19. Nc3 Bg2+ 20. Kg1
h5 21. Bxf5+ Ke7 22. d3 Nf3+ 23. Kxg2 Ne1+ 24. Kh3 Nxc2 25. Rb1 Bxf2 26. Bg5+
Kd6 27. Ne4+ Ke5 28. Rf1 Bd4 29. Bh7 Nb4 30. Rf5+ Ke6 31. Nc5+ Kd6 32. Ne4+ Kd7
33. Rxf7+ Ke6 34. Re7+ Kd5 35. Bg8+ Kc6 36. Bf4 Nxd3 37. Rxc7+ Kb6 38. Rd7 h4
39. Rxd4 Nxf4+ 40. gxf4 a5 41. Kxh4 Kb5 42. f5 a4 43. b3 a3 44. f6 Kc6 45. f7
Kb6 46. f8=Q Kb5 47. Qb4+ Kc6 48. Qc5+ Kb7 49. Nd6+ Kb8 50. Rb4+ Ka8 51. Qa5#
1-0

[Event "Challenge"]
[Site "http://www.queenalice.com/game.php?id=526442"]
[Date "2009.1.21"]
[Round "-"]
[White "Helmans"]
[Black "nonpop"]
[Result "1-0"]
[WhiteElo "1355"]
[BlackElo "1713"]

1. e4 e5 2. Nf3 Nf6 3. Nxe5 Nxe4 4. Qe2 d5 5. d3 f6 6. dxe4 fxe5 7. exd5 Qxd5 8.
Nc3 Qe6 9. Bd2 Nc6 10. O-O-O Bd6 11. Qf3 Bd7 12. Kb1 O-O-O 13. Be3 a6 14. Ne4
Rhf8 15. Qe2 Nb4 16. Nxd6+ Qxd6 17. Rxd6 cxd6 18. Bb6 Rde8 19. g3 Bb5 20. Qg4+
Kb8 21. Qxb4 Re6 22. Bxb5 axb5 23. Qxb5 Rc8 24. Qa5 Rc5 25. Qa7+ Kc8 26. Qa8+
Kd7 27. Qxb7+ Ke8 28. Bxc5 1-0

[Event "AUTO-INT-1207"]
[Site "http://www.queenalice.com/game.php?id=541559"]
[Date "2009.2.16"]
[Round "1"]
[White "Helmans"]
[Black "PGeon"]
[Result "1-0"]
[WhiteElo "1412"]
[BlackElo "1622"]

1. e4 e5 2. Nf3 d6 3. d4 Bg4 4. Be2 h6 5. O-O Nf6 6. Nc3 Nc6 7. dxe5 dxe5 8.
Qxd8+ Rxd8 9. Be3 Bb4 10. a3 Bxc3 11. bxc3 Bxf3 12. Bxf3 O-O 13. Rab1 b6 14. Rb5
a6 15. Rbb1 Na5 16. Be2 Nxe4 17. Bd3 Nxc3 18. Rbe1 Nd5 19. Bc1 f6 20. Bxa6 Nc3
21. Re3 Nd5 22. Rg3 Nf4 23. Re1 Rd6 24. Re4 Rd1+ 25. Bf1 Rxc1 26. Rge3 Rd8 27.
g3 Nd5 28. Rd3 Rxc2 29. Kg2 Nf4+ 30. gxf4 Rxd3 31. Bxd3 Rc3 32. Re3 exf4 33. Rf3
Rc1 34. Rxf4 c5 35. Re4 1-0

[Event "AUTO-INT-1207"]
[Site "http://www.queenalice.com/game.php?id=541560"]
[Date "2009.2.16"]
[Round "1"]
[White "PGeon"]
[Black "Helmans"]
[Result "1-0"]
[WhiteElo "1644"]
[BlackElo "1373"]

1. e4 e5 2. Bc4 Nf6 3. d3 Nc6 4. Nf3 Be7 5. Ng5 O-O 6. Nc3 Bb4 7. Nxf7 Rxf7 8.
Bxf7+ Kxf7 9. Bg5 d6 10. O-O h6 11. Bxf6 Qxf6 12. Qh5+ Kf8 13. Nd5 Qd8 14. f4
Bc5+ 15. Kh1 Kg8 16. fxe5 dxe5 17. Nf6+ gxf6 18. Qg6+ Kf8 19. Rxf6+ 1-0

[Event "AUTO-INT-1207"]
[Site "http://www.queenalice.com/game.php?id=541561"]
[Date "2009.2.16"]
[Round "1"]
[White "Helmans"]
[Black "reibas"]
[Result "0-1"]
[WhiteElo "1379"]
[BlackElo "1675"]

1. e4 e5 2. Nf3 Nc6 3. Bb5 d6 4. d4 Bg4 5. d5 Ne7 6. dxc6 Nxc6 7. O-O a6 8. Bc4
f6 9. Nbd2 Be7 10. Qe2 Nd4 11. c3 Nxe2+ 12. Bxe2 Qd7 13. h3 Bxh3 14. gxh3 Qxh3
0-1

[Event "AUTO-INT-1207"]
[Site "http://www.queenalice.com/game.php?id=541562"]
[Date "2009.2.16"]
[Round "1"]
[White "reibas"]
[Black "Helmans"]
[Result "0-1"]
[WhiteElo "1676"]
[BlackElo "1413"]

1. e4 e5 2. Nf3 Nc6 3. Bc4 Bc5 4. d3 Nf6 5. Ng5 O-O 6. Bxf7+ Rxf7 7. Nxf7 Kxf7
8. a3 d5 9. O-O Bg4 10. Qd2 dxe4 11. Qc3 Bb6 12. dxe4 Nxe4 13. Qc4+ Be6 14. Qxe4
Kg8 15. Be3 Qf6 16. Bxb6 axb6 17. c3 Rf8 18. f3 b5 19. b4 Qg5 20. g4 Ne7 21. Kf2
Qh4+ 22. Ke2 Bc4+ 23. Ke3 Bxf1 24. Qxe5 Qe1+ 25. Kd4 Nc6+ 26. Kc5 Qxe5# 0-1

[Event "AUTO-INT-1233"]
[Site "http://www.queenalice.com/game.php?id=552818"]
[Date "2009.3.8"]
[Round "1"]
[White "Helmans"]
[Black "allbishop"]
[Result "1-0"]
[WhiteElo "1368"]
[BlackElo "1535"]

1. e4 c5 2. Nf3 d6 3. d4 cxd4 4. Nxd4 Nf6 5. Nc3 a6 6. Bg5 g6 7. Bc4 Bg7 8. O-O
Nc6 9. Nxc6 bxc6 10. e5 dxe5 11. Qxd8+ Kxd8 12. Bxf7 Rf8 13. Rfd1+ Kc7 14. Bc4
Bf5 15. Rd2 a5 16. Na4 h6 17. Be3 1-0

[Event "AUTO-INT-1233"]
[Site "http://www.queenalice.com/game.php?id=552831"]
[Date "2009.3.8"]
[Round "1"]
[White "spacey"]
[Black "Helmans"]
[Result "1-0"]
[WhiteElo "1763"]
[BlackElo "1402"]

1. d4 d5 2. Nf3 Nf6 3. Bg5 e6 4. Nc3 Bb4 5. Bxf6 Qxf6 6. e3 Nc6 7. Bd3 O-O 8.
O-O e5 9. Nxd5 Qd6 10. Nxb4 Nxb4 11. dxe5 Qh6 12. c3 Nxd3 13. Qxd3 Bg4 14. Nd4
Rad8 15. Qe4 c6 16. Qxg4 c5 17. Nf5 Qg6 18. Ne7+ 1-0

[Event "AUTO-INT-1233"]
[Site "http://www.queenalice.com/game.php?id=552832"]
[Date "2009.3.8"]
[Round "1"]
[White "Helmans"]
[Black "spacey"]
[Result "0-1"]
[WhiteElo "1391"]
[BlackElo "1761"]

1. e4 c5 2. Nf3 d6 3. d4 cxd4 4. Nxd4 Nf6 5. Nc3 e5 6. Bb5+ Bd7 7. Bg5 exd4 8.
Qxd4 Bxb5 9. Nxb5 Qa5+ 10. c3 Qxb5 11. Bxf6 gxf6 12. Qxf6 Qe5 13. Qf3 Nc6 14.
O-O O-O-O 15. b4 Rg8 16. Qxf7 Qg5 17. b5 Qxg2# 0-1

[Event "AUTO-INT-1233"]
[Site "http://www.queenalice.com/game.php?id=552839"]
[Date "2009.3.8"]
[Round "1"]
[White "Elrazer"]
[Black "Helmans"]
[Result "1-0"]
[WhiteElo "1783"]
[BlackElo "1375"]

1. d4 d5 2. Nc3 Nf6 3. Nf3 g6 4. e3 Bg4 5. Be2 e6 6. O-O Ne4 7. Ne5 Bf5 8. f3
Nxc3 9. bxc3 Bd6 10. f4 g5 11. fxg5 Nd7 12. Nxf7 Qe7 13. Nxh8 Qxg5 14. Bh5+ Bg6
15. e4 1-0

[Event "AUTO-INT-1233"]
[Site "http://www.queenalice.com/game.php?id=552840"]
[Date "2009.3.8"]
[Round "1"]
[White "Helmans"]
[Black "Elrazer"]
[Result "0-1"]
[WhiteElo "1414"]
[BlackElo "1904"]

1. e4 e5 2. Nf3 d6 3. d4 Nc6 4. d5 Nce7 5. Bc4 Bg4 6. Nbd2 Bxf3 7. Qxf3 Ng6 8.
Bb5+ Ke7 9. Nc4 a6 10. Ba4 b5 11. Nxe5 Nxe5 12. Qg3 bxa4 13. O-O Ke8 14. Bg5 f6
15. Bf4 Ne7 16. Qa3 Kf7 17. Qxa4 N7g6 18. Be3 Qd7 19. Qb3 Be7 20. Bd4 Rab8 21.
Qe3 f5 22. exf5 Qxf5 23. f4 Nc4 24. Qc3 Qxd5 25. f5 Nh4 26. Rf2 Bf6 27. Bxf6
gxf6 28. b3 Ne5 29. Qxc7+ Kg8 0-1

[Event "AUTO-BEG-264"]
[Site "http://www.queenalice.com/game.php?id=591193"]
[Date "2009.5.20"]
[Round "2"]
[White "Catamarca"]
[Black "Helmans"]
[Result "1-0"]
[WhiteElo "1749"]
[BlackElo "1420"]

1. e4 e5 2. Bc4 Nf6 3. Nf3 Nxe4 4. Nxe5 Nd6 5. Qf3 Qe7 6. O-O f6 7. Qh5+ g6 8.
Nxg6 hxg6 9. Qxh8 Nxc4 10. d3 Nb6 11. Bd2 1-0

[Event "AUTO-BEG-264"]
[Site "http://www.queenalice.com/game.php?id=591194"]
[Date "2009.5.20"]
[Round "2"]
[White "Helmans"]
[Black "Catamarca"]
[Result "0-1"]
[WhiteElo "1417"]
[BlackElo "1752"]

1. e4 d6 2. d4 Nf6 3. Nc3 Nbd7 4. Bc4 g6 5. Bg5 Bg7 6. Nf3 O-O 7. O-O c6 8. Re1
b5 9. Bb3 a5 10. a3 a4 11. Ba2 h6 0-1

[Event "AUTO-BEG-264"]
[Site "http://www.queenalice.com/game.php?id=591199"]
[Date "2009.5.20"]
[Round "2"]
[White "Helmans"]
[Black "Mayaune"]
[Result "0-1"]
[WhiteElo "1436"]
[BlackElo "1451"]

1. e4 e5 2. Nf3 Nc6 3. Bb5 Nf6 4. O-O Bc5 5. c3 O-O 6. d4 exd4 7. cxd4 Bb6 8. d5
Ne7 9. Bg5 Nxe4 10. Bh4 f6 11. Re1 Nd6 12. Ba4 Nef5 13. Nc3 Nxh4 14. Nxh4 f5 15.
Nf3 Nc4 16. Qc2 d6 17. Re2 a6 18. Rae1 Bd7 19. Bxd7 Qxd7 20. Ng5 g6 21. b3 Ne5
0-1

[Event "AUTO-BEG-264"]
[Site "http://www.queenalice.com/game.php?id=591200"]
[Date "2009.5.20"]
[Round "2"]
[White "Mayaune"]
[Black "Helmans"]
[Result "1-0"]
[WhiteElo "1348"]
[BlackElo "1440"]

1. e4 e5 2. Nf3 Nc6 3. Bc4 Bc5 4. O-O Nf6 5. Ng5 O-O 6. c3 d5 7. d4 exd4 8. exd5
Nxd5 9. Qh5 Nf6 10. Bxf7+ Kh8 11. Nxh7 Nxh7 12. Bg6 Bf5 13. Qxh7# 1-0